000 00306nam a2200145Ia 4500
100 _aI.T.B
490 _vI
942 _cBK
654 _aMilling For engg.
245 _aMilling For Engineering Craftsmen
260 _bEngg.Industry
_aEngland
_c1974
300 _a140
546 _aENGLISH
999 _c27438
_d27438